000
00168nam a2200073Ia 4500
008
170620s9999 xx 000 0 und d
100
_a
ASHA SINGH / PEENU NAGAR
245
0
_a
BAALVIKAS
260
_b
APOLO
999
_c
27107
_d
27107